000 01311cam a2200145 4500500
005 20251214001914.0
041 _afre
042 _adc
100 1 0 _aChopin, Olivier
_eauthor
700 1 0 _aOudet, Benjamin
_eauthor
245 0 0 _aRenseignement et sécurité
260 _bArmand Colin,
_c2023.
520 _aQu’est-ce que le renseignement ? En quoi diffère-t-il de l’espionnage ? Qui prend les décisions dans les services secrets ? Comment sont menées les opérations spéciales ? L’étude du renseignement permet d’aborder ces questions et de s’interroger sur les modalités de son contrôle et de son influence sur la politique étrangère des États. Cette nouvelle édition est enrichie d’un chapitre dédié aux transformations de l’information et au cyber et d’études de cas portant sur des thématiques actuelles : renseignement des entités non étatiques, services secrets américains sous la présidence Trump, droit du renseignement en France, etc. Une introduction sans équivalent à un sujet désormais central des études de sécurité. Cet ouvrage a reçu le Grand Prix "œuvre de création-mention essai" 2020 de l'Académie du Renseignement.
856 4 1 _uhttps://shs.cairn.info/renseignement-et-securite--9782200634681?lang=fr&redirect-ssocas=7080
999 _c1566546
_d1566546